[Event "Titled Tuesday intern op 23rd Apr Late"]
[Site "Chess.com INT"]
[Date "2024.04.23"]
[Round "4"]
[White "Luke Brezmes, Cristofer"]
[Black "Ricaurte Lopez, Juan Carlos"]
[Result "1-0"]
[WhiteElo "2067"]
[BlackElo "2226"]
[PlyCount "93"]
[EventDate "2024.04.23"]
[EventType "swiss (blitz)"]
[EventRounds "11"]
[EventCountry "USA"]
[SourceTitle "CB18_2024"]
[SourceDate "2024.05.01"]
[SourceVersion "1"]
[SourceVersionDate "2024.05.01"]
[SourceQuality "2"]

1. e4 e5 2. Nf3 Nc6 3. d4 exd4 4. Bc4 Bc5 5. c3 d3 6. b4 Bb6 7. Qb3 Qe7 8. 0-0 d6 9. Bg5 Nf6 10. a4 a6 11. Re1 0-0 12. Nbd2 Be6 13. Rad1 h6 14. Bh4 g5 15. Bg3 Nh5 16. Nf1 Rae8 17. Bd5 Qf6 18. Ne3 Nxg3 19. hxg3 Ne5 20. Nd4 Bc8 21. Ndf5 c6 22. Bc4 Bxf5 23. Nxf5 Ng4 24. Rf1 Rxe4 25. Bxd3 Qxf5 26. Qc2 d5 27. c4 Ne5 28. Bxe4 dxe4 29. c5 Bc7 30. Rfe1 Nd3 31. Re2 Qe5 32. Qd2 f5 33. Qa2+ Qd5 34. Qd2 Qd4 35. Qa2+ Kg7 36. Qe6 Qd5 37. Qe7+ Rf7 38. Qe8 Qd7 39. Qa8 Be5 40. Red2 Bc3 41. Re2 Bxb4 42. Qb8 Bxc5 43. Kf1 Kh7 44. g4 fxg4 45. g3 Qd6 46. Qe8 Qf6 47. Qxe4+ 1-0

[Event "Titled Tuesday intern op 23rd Apr Late"]
[Site "Chess.com INT"]
[Date "2024.04.23"]
[Round "3"]
[White "Ricaurte Lopez, Juan Carlos"]
[Black "Perestjuk, Marko"]
[Result "0-1"]
[WhiteElo "2226"]
[BlackElo "2171"]
[PlyCount "108"]
[EventDate "2024.04.23"]
[EventType "swiss (blitz)"]
[EventRounds "11"]
[EventCountry "USA"]
[SourceTitle "CB18_2024"]
[SourceDate "2024.05.01"]
[SourceVersion "1"]
[SourceVersionDate "2024.05.01"]
[SourceQuality "2"]

1. e4 c6 2. d4 d6 3. Nc3 Nd7 4. f4 Ngf6 5. Nf3 g6 6. e5 Nd5 7. e6 fxe6 8. Ne4 Bg7 9. c3 N7f6 10. Bd3 0-0 11. 0-0 Nxe4 12. Bxe4 Nxf4 13. Ng5 e5 14. Bxf4 exf4 15. Nxh7 Kxh7 16. Qh5+ Kg8 17. Bxg6 Rf6 18. g3 Qd7 19. gxf4 Qg4+ 20. Qxg4 Bxg4 21. Bd3 Raf8 22. Rae1 e6 23. Re3 Rxf4 24. Rxf4 Rxf4 25. h3 Bf5 26. Bxf5 Rxf5 27. Rxe6 Kf7 28. Re2 Bf6 29. Kg2 a5 30. Kg3 Rg5+ 31. Kf4 Rg1 32. Rh2 Kg6 33. Re2 Rf1+ 34. Kg3 Kf5 35. Re8 Rb1 36. Re2 Ra1 37. a3 Rg1+ 38. Kf3 Rh1 39. Kg2 Rb1 40. Kf3 Bg5 41. Kg3 Rg1+ 42. Kf2 Rd1 43. Kg3 Rd3+ 44. Kf2 Rd2 45. Rxd2 Bxd2 46. Ke2 Bc1 47. b4 a4 48. Kd3 Bxa3 49. Kc2 b5 50. Kb1 Kf4 51. Kc2 Kg3 52. d5 cxd5 53. Kd3 Kxh3 54. Kd4 Bb2 0-1

[Event "Titled Tuesday intern op 18th Jul Late"]
[Site "Chess.com INT"]
[Date "2023.07.18"]
[Round "3"]
[White "Ricaurte Lopez, Juan Carlos"]
[Black "Kanyamarala, Trisha"]
[Result "0-1"]
[WhiteElo "2226"]
[BlackElo "2344"]
[PlyCount "102"]
[EventDate "2023.07.18"]
[EventType "swiss (blitz)"]
[EventRounds "11"]
[EventCountry "USA"]
[SourceTitle "EXT 2024"]
[Source "ChessBase"]
[SourceDate "2023.10.10"]
[SourceVersion "1"]
[SourceVersionDate "2023.10.10"]
[SourceQuality "1"]

1. e4 c5 2. Nf3 d6 3. d4 cxd4 4. Nxd4 Nf6 5. Nc3 a6 6. f4 Nc6 7. Nf3 g6 8. Bc4 Bg7 9. e5 dxe5 10. Qxd8+ Nxd8 11. Nxe5 0-0 12. Be3 Be6 13. 0-0-0 Bxc4 14. Nxc4 b5 15. Ne5 Nb7 16. h3 Rfd8 17. Bb6 Rd6 18. Bc7 Rxd1+ 19. Rxd1 Rc8 20. Bb6 Nd6 21. g4 b4 22. Nd5 Nxd5 23. Rxd5 f6 24. Nf3 Rc4 25. Bc5 Rxf4 26. Bxd6 exd6 27. Nd4 Bh6 28. Kd1 Rf1+ 29. Ke2 Rh1 30. Rxd6 Rh2+ 31. Kd3 Rxh3+ 32. Kc4 a5 33. Rxf6 Rh4 34. Ra6 Rxg4 35. Rxa5 Bg7 36. c3 h5 37. Kxb4 Bxd4 38. cxd4 Rxd4+ 39. Kc5 Rf4 40. b4 h4 41. b5 h3 42. Ra3 Rh4 43. b6 Kf7 44. b7 Rh8 45. Ra8 Rh5+ 46. Kc4 Rh4+ 47. Kc3 h2 48. b8Q h1Q 49. Qf8+ Ke6 50. Re8+ Kd5 51. Qf6 Qa1+ 0-1

[Event "Titled Tuesday intern op 11th Jul Late"]
[Site "Chess.com INT"]
[Date "2023.07.11"]
[Round "3"]
[White "Ricaurte Lopez, Juan Carlos"]
[Black "Srdanovic, Jovana"]
[Result "1/2-1/2"]
[WhiteElo "2226"]
[BlackElo "2032"]
[PlyCount "50"]
[EventDate "2023.07.11"]
[EventType "swiss (blitz)"]
[EventRounds "11"]
[EventCountry "USA"]
[SourceTitle "EXT 2024"]
[Source "ChessBase"]
[SourceDate "2023.10.10"]
[SourceVersion "1"]
[SourceVersionDate "2023.10.10"]
[SourceQuality "1"]

1. e4 e5 2. d4 exd4 3. Qxd4 Nc6 4. Qe3 Nf6 5. Nc3 Bb4 6. Bd2 d6 7. 0-0-0 0-0 8. Qg3 Qe7 9. f3 Qe5 10. Qxe5 Nxe5 11. Nge2 b6 12. Nd4 Bb7 13. a3 Bxc3 14. Bxc3 Nc6 15. Nxc6 Bxc6 16. Bxf6 gxf6 17. Bc4 Kg7 18. Bd5 Bxd5 19. Rxd5 Rfe8 20. h4 Re5 21. Rhd1 Rae8 22. g4 Rxd5 23. Rxd5 Re5 24. Rd4 h5 25. Kd2 Kg6 1/2-1/2

[Event "Titled Tuesday intern op 27th Jun Late"]
[Site "Chess.com INT"]
[Date "2023.06.27"]
[Round "1"]
[White "Bjelobrk, Igor"]
[Black "Ricaurte Lopez, Juan Carlos"]
[Result "1-0"]
[WhiteElo "2403"]
[BlackElo "2226"]
[PlyCount "63"]
[EventDate "2023.06.27"]
[EventType "swiss (blitz)"]
[EventRounds "11"]
[EventCountry "USA"]
[SourceTitle "EXT 2024"]
[Source "ChessBase"]
[SourceDate "2023.10.10"]
[SourceVersion "1"]
[SourceVersionDate "2023.10.10"]
[SourceQuality "1"]

1. d4 Nf6 2. c4 e6 3. g3 c5 4. d5 exd5 5. cxd5 d6 6. Nc3 g6 7. Bg2 Bg7 8. Nf3 0-0 9. 0-0 Re8 10. Re1 Bg4 11. h3 Bxf3 12. exf3 Rxe1+ 13. Qxe1 Na6 14. f4 Nb4 15. Qd1 Qd7 16. a3 Na6 17. Be3 b5 18. Bf1 Nc7 19. b4 c4 20. Rb1 a6 21. Bg2 Rb8 22. Rc1 Re8 23. g4 h5 24. Bf3 hxg4 25. hxg4 Nh7 26. Kg2 f5 27. g5 Qe7 28. Ne2 Rf8 29. Nd4 Nxg5 30. fxg5 f4 31. Bxf4 Rxf4 32. Ne2 1-0

[Event "Titled Tuesday intern op 27th Jun Late"]
[Site "Chess.com INT"]
[Date "2023.06.27"]
[Round "9"]
[White "Ricaurte Lopez, Juan Carlos"]
[Black "Gulamirian, Korun"]
[Result "1-0"]
[WhiteElo "2226"]
[BlackElo "1816"]
[PlyCount "45"]
[EventDate "2023.06.27"]
[EventType "swiss (blitz)"]
[EventRounds "11"]
[EventCountry "USA"]
[SourceTitle "EXT 2024"]
[Source "ChessBase"]
[SourceDate "2023.10.10"]
[SourceVersion "1"]
[SourceVersionDate "2023.10.10"]
[SourceQuality "1"]

1. e4 e5 2. d4 exd4 3. c3 dxc3 4. Nxc3 g6 5. Bc4 Bg7 6. Nf3 Ne7 7. Ng5 0-0 8. h4 Nbc6 9. h5 Ne5 10. Bb3 h6 11. hxg6 N7xg6 12. Qh5 c6 13. Nxf7 Nxf7 14. Qxg6 d5 15. Bxh6 Qf6 16. Qxf6 Bxf6 17. Bxf8 Kxf8 18. exd5 c5 19. 0-0-0 Bf5 20. f3 Bg5+ 21. Rd2 Bxd2+ 22. Kxd2 Nd6 23. g4 1-0

[Event "Titled Tuesday intern op 27th Jun Late"]
[Site "Chess.com INT"]
[Date "2023.06.27"]
[Round "5"]
[White "Ricaurte Lopez, Juan Carlos"]
[Black "Romero Ruscalleda, Josep"]
[Result "0-1"]
[WhiteElo "2226"]
[BlackElo "2160"]
[PlyCount "68"]
[EventDate "2023.06.27"]
[EventType "swiss (blitz)"]
[EventRounds "11"]
[EventCountry "USA"]
[SourceTitle "EXT 2024"]
[Source "ChessBase"]
[SourceDate "2023.10.10"]
[SourceVersion "1"]
[SourceVersionDate "2023.10.10"]
[SourceQuality "1"]

1. e4 g6 2. d4 Bg7 3. Nc3 d6 4. Be3 a6 5. Qd2 b5 6. f4 Bb7 7. Bd3 Nf6 8. a3 Ng4 9. Nf3 Nxe3 10. Qxe3 Nd7 11. e5 e6 12. 0-0-0 0-0 13. h4 c5 14. dxc5 Bxf3 15. Qxf3 dxe5 16. Be4 Rc8 17. c6 exf4 18. Rxd7 Qa5 19. h5 b4 20. Nb1 Qe5 21. c3 bxc3 22. Nxc3 Rfd8 23. hxg6 hxg6 24. Rhd1 Re8 25. Qd3 f5 26. Bf3 Bf6 27. Qxa6 g5 28. Qb7 Qe3+ 29. Kc2 g4 30. Rf7 Qe5 31. Be2 Rb8 32. Bc4 Rxb7 33. Rxb7 Rc8 34. Rdd7 Rxc6 0-1

[Event "Titled Tuesday intern op 27th Jun Late"]
[Site "Chess.com INT"]
[Date "2023.06.27"]
[Round "7"]
[White "Szente Varga, Fruzsina"]
[Black "Ricaurte Lopez, Juan Carlos"]
[Result "1-0"]
[WhiteElo "2075"]
[BlackElo "2226"]
[PlyCount "85"]
[EventDate "2023.06.27"]
[EventType "swiss (blitz)"]
[EventRounds "11"]
[EventCountry "USA"]
[SourceTitle "EXT 2024"]
[Source "ChessBase"]
[SourceDate "2023.10.10"]
[SourceVersion "1"]
[SourceVersionDate "2023.10.10"]
[SourceQuality "1"]

1. e4 e5 2. d4 exd4 3. Qxd4 Nc6 4. Qe3 g6 5. Bd2 Bg7 6. Nc3 Nge7 7. 0-0-0 0-0 8. h4 d5 9. exd5 Nxd5 10. Qf3 Be6 11. h5 Nxc3 12. Bxc3 Qg5+ 13. Bd2 Qd5 14. Qxd5 Bxd5 15. hxg6 hxg6 16. f3 Rad8 17. a3 Nd4 18. Ne2 Nf5 19. Nf4 Bc6 20. Bd3 Nd4 21. Bc4 b5 22. Nxg6 Rfe8 23. Ba2 Bd5 24. Bxd5 Rxd5 25. Nf4 Rf5 26. Nh5 Bh8 27. Kb1 Re2 28. Bc3 c5 29. Ng3 Rfe5 30. Nxe2 Rxe2 31. g4 Rf2 32. Rdf1 Rg2 33. b4 Bg7 34. Bxd4 Bxd4 35. bxc5 Bxc5 36. Rh5 Bxa3 37. Rxb5 Bd6 38. Ra5 Bb8 39. Kb2 Kg7 40. Kc3 Kf6 41. Kd3 Rh2 42. g5+ Kg7 43. f4 1-0

[Event "Titled Tuesday intern op 13th Jun Late"]
[Site "Chess.com INT"]
[Date "2023.06.13"]
[Round "4"]
[White "Ricaurte Lopez, Juan Carlos"]
[Black "Kostiukov, Alexandr"]
[Result "0-1"]
[WhiteElo "2226"]
[BlackElo "2271"]
[PlyCount "58"]
[EventDate "2023.06.13"]
[EventType "swiss (blitz)"]
[EventRounds "11"]
[EventCountry "USA"]
[SourceTitle "EXT 2024"]
[Source "ChessBase"]
[SourceDate "2023.10.10"]
[SourceVersion "1"]
[SourceVersionDate "2023.10.10"]
[SourceQuality "1"]

1. e4 c5 2. Nf3 g6 3. d4 cxd4 4. c3 Bg7 5. cxd4 d5 6. exd5 Nf6 7. Bb5+ Nbd7 8. Nc3 0-0 9. 0-0 Nb6 10. Bg5 Nfxd5 11. h3 a6 12. Bd3 h6 13. Bh4 Nf4 14. Be4 g5 15. Bg3 Nbd5 16. Re1 Be6 17. Qd2 Re8 18. Rad1 Rc8 19. Bb1 Qa5 20. Nxd5 Qxd2 21. Nxe7+ Rxe7 22. Rxd2 Rd7 23. Bxf4 gxf4 24. Ne5 Rd6 25. Kh2 Rcd8 26. Re4 Bf5 27. Nc4 Bxe4 28. Nxd6 Bxb1 29. Nxb7 Rxd4 0-1

[Event "Titled Tuesday intern op 06th Jun Late"]
[Site "Chess.com INT"]
[Date "2023.06.06"]
[Round "8"]
[White "Rian, Kapriaga"]
[Black "Ricaurte Lopez, Juan Carlos"]
[Result "1-0"]
[WhiteElo "2089"]
[BlackElo "2226"]
[PlyCount "47"]
[EventDate "2023.06.06"]
[EventType "swiss (blitz)"]
[EventRounds "11"]
[EventCountry "USA"]
[SourceTitle "EXT 2024"]
[Source "ChessBase"]
[SourceDate "2023.10.10"]
[SourceVersion "1"]
[SourceVersionDate "2023.10.10"]
[SourceQuality "1"]

1. d4 Nf6 2. c4 e6 3. g3 c5 4. d5 exd5 5. cxd5 d6 6. Nf3 g6 7. Bg2 Bg7 8. Nc3 0-0 9. 0-0 Re8 10. Bf4 Nh5 11. Bg5 Qb6 12. Qc1 Na6 13. Nd2 Bxc3 14. Qxc3 Rxe2 15. Bf3 Re5 16. Nc4 Rxg5 17. Nxb6 axb6 18. Bxh5 Rxh5 19. Rfe1 Bh3 20. Re7 Nb4 21. Rd1 Nxd5 22. Rxd5 Rxd5 23. Qf3 Rxa2 24. Qxf7+ 1-0

[Event "Titled Tuesday intern op 30th May Late"]
[Site "Chess.com INT"]
[Date "2023.05.30"]
[Round "5"]
[White "Sarkar, Justin"]
[Black "Ricaurte Lopez, Juan Carlos"]
[Result "1-0"]
[WhiteElo "2309"]
[BlackElo "2226"]
[PlyCount "69"]
[EventDate "2023.05.30"]
[EventType "swiss (blitz)"]
[EventRounds "11"]
[EventCountry "USA"]
[SourceTitle "CBM 214 Extra"]
[Source "ChessBase"]
[SourceDate "2023.07.31"]
[SourceVersion "1"]
[SourceVersionDate "2023.07.31"]
[SourceQuality "1"]

1. d4 d5 2. c4 dxc4 3. Nf3 c5 4. e4 cxd4 5. Qxd4 Qxd4 6. Nxd4 a6 7. Bxc4 e5 8. Nf3 Nc6 9. Nc3 Bb4 10. Bd2 Bxc3 11. Bxc3 f6 12. Ke2 Bg4 13. h3 Bxf3+ 14. Kxf3 0-0-0 15. Rhd1 Nge7 16. Ke3 Kc7 17. b4 Nd4 18. Bxd4 exd4+ 19. Rxd4 Nc6 20. Rxd8 Rxd8 21. a3 Nd4 22. Rc1 Nc6 23. Bd5 Kb6 24. Bxc6 bxc6 25. a4 Rd6 26. f4 a5 27. bxa5+ Kxa5 28. Rc4 Kb6 29. e5 fxe5 30. fxe5 Rd5 31. Re4 Kc7 32. e6 Kd8 33. Rd4 Ke7 34. Rxd5 cxd5 35. a5 1-0